Poslední velkoměsto. Kniha druhá, Kletba /
Pokračování detektivního sci-fi románu nás opět zavádí za hlavním hrdinou Gowerym, který zůstává v Bornnu a čeká na Oggerdův návrat.
Uloženo v:
| Série: | Poslední velkoměsto,
část 2 |
|---|---|
| Hlavní autor: | |
| Médium: | E-kniha |
| Jazyk: | Czech |
| Vydáno: |
Praha :
Brokilon,
2019
|
| Vydání: | Vydání první |
| Témata: | |
| Příbuzné jednotky: | Z cyklu::
Poslední velkoměsto |
| Tagy: |
Žádné tagy |
| LEADER | 02487nam a2200409 i 4500 | ||
|---|---|---|---|
| 001 | 311060 | ||
| 003 | CZ PrSKC | ||
| 005 | 20260601215659.0 | ||
| 007 | ta | ||
| 008 | 190628s2019 xr g 000 f cze | ||
| 015 | |a cnb003116069 | ||
| 020 | |a 9788074564543 |q (brožováno) : |c Kč 268,00 | ||
| 035 | |a (OCoLC)1140097314 | ||
| 040 | |a ABG001 |b cze |d ABA001 |e rda | ||
| 072 | 7 | |a 821.162.3-3 |x Česká próza |2 Konspekt | |
| 080 | |a 821.162.3-31 |2 MRF | ||
| 080 | |a (0:82-311.9) |2 MRF | ||
| 100 | 1 | |a Šlechta, Vladimír, |d 1960- |7 xx0000828 |4 aut | |
| 245 | 1 | 0 | |a Poslední velkoměsto. |n Kniha druhá, |p Kletba / |c Vladimír Šlechta |
| 246 | 3 | 0 | |a Kletba |
| 250 | |a Vydání první | ||
| 264 | 1 | |a Praha : |b Brokilon, |c 2019 | |
| 300 | |a 326 stran ; |c 17 cm | ||
| 336 | |a text |b txt |2 rdacontent | ||
| 337 | |a bez média |b n |2 rdamedia | ||
| 338 | |a svazek |b nc |2 rdacarrier | ||
| 520 | 2 | |a Pokračování detektivního sci-fi románu nás opět zavádí za hlavním hrdinou Gowerym, který zůstává v Bornnu a čeká na Oggerdův návrat. |b Gowery by si rád po předchozích dobrodružstvích odpočinul a vrátil se do Prahy. Bohužel jeho přání nebude vyslyšeno. Ajna ho potřebuje v Bornnu, a aby si ho zde udržela, pozve sem i jeho přítelkyni Joriku, kterou hned zaúkoluje vyšetřováním mizení dívek. Tento případ však není vůbec jednoduchý a Jorika s Gowerym mají najednou co dělat s kanibaly. Navíc Ajna odchází z Bornnu, kvůli svému těhotenství a poprosí Goweryho, zda by to zatím po ní tak trochu nepřevzal. Gowery neochotně souhlasí a stává se tak špionem Dante Albrechta, kterého ostatní přezdívají Inkvizitor. Podaří se Gowerymu v nové službě přežít? A vrátí se někdy Oggerd zpátky? | |
| 655 | 7 | |a české romány |7 fd133974 |2 czenas | |
| 655 | 7 | |a vědecko-fantastické romány |7 fd133847 |2 czenas | |
| 655 | 9 | |a Czech fiction |2 eczenas | |
| 655 | 9 | |a science fiction novels |2 eczenas | |
| 787 | 0 | 8 | |i Z cyklu: |t Poslední velkoměsto |g 2 |
| 900 | |a ABA001 |b 20 | ||
| 044 | |a xr | ||
| 910 | |a RBIT002 | ||
| 998 | |d 185401 |a https://core.palmknihy.cz/api/books/185401/cover?pt1gsc |b https://core.palmknihy.cz/api/books/185401/cover/400?pt1gsc |c https://core.palmknihy.cz/api/books/185401/cover/50?pt1gsc |e |g 326 |i 9788074564543 |j https://core.palmknihy.cz/api/books/185401/preview.epub |k https://core.palmknihy.cz/api/books/185401/preview.pdf |l |q 49 |r 1 |s https://www.palmknihy.cz/kniha/185401 |t ebook |y 2019 |z 0 |v Poslední velkoměsto |w 2 | ||
| 999 | |d 311058 | ||